00853cam a22002293a 450000100060000000300060000600500170001200800410002904000150007004200070008505000090009210000380010124501970013926000290033650600300036551600200039565300340041565300580044965300450050783000290055285600420058118196PGUSA20140828083404.0060418s2006||||xxu|||||s|||||000 | eng d aPGUSAbeng adc 4aE3001 aSeward, William Henry,d1801-187210aLife and Public Services of John Quincy Adams :bSixth President of the Unied States With the Eulogy Delivered Before the Legislature of New Yorkh[electronic resource] /cWilliam Henry Seward bProject Gutenberg,c2006 aPublic domain in the USA. aElectronic text aAdams, John Quincy, 1767-1848 aUnited States -- Politics and government -- 1825-1829 aPresidents -- United States -- Biography 0aProject Gutenbergv1819640uhttp://www.gutenberg.org/ebooks/18196